| 000 | 01448nam a2200217Ia 4500 | ||
|---|---|---|---|
| 001 | 18773 | ||
| 003 | GE_BSU | ||
| 008 | 181216s||||||||xx |||||||||||||| ||und|| | ||
| 040 | _cGE_BSU | ||
| 245 | _aგადასახადები და აღრიცხვა. №8.2016. | ||
| 245 | _bჟრნალი გვთავაზობს:აუდიტიურ და კონსალტინგურ მომსახურებას (საფინანსო-ეკონომიკური საქმიანობის სრულ ან შერჩევით შემოწმებას და ანალიზს) | ||
| 245 | _cრედ: კოტე უბირია,ექსპერტები:გონერ ურიდია,ჯემალ ძაგნიძე, მაია ნასარაია,და სხვ. | ||
| 260 | _aთბილისი | ||
| 260 | _c2016 | ||
| 300 | _a54გვ;29სმ. | ||
| 520 | _aსაკონსულტაციო-ანალიტიკური ჟურნალი | ||
| 653 | _aგადასახადები და აღრიცხვა | ||
| 653 | _aეკონომიკა | ||
| 653 | _aკანონმდებლობის მიმოხილვა, აღრიცხვა,ოფიციალური მასალები,ექსპერტის კონსულტაცია. | ||
| 942 | _cCR | ||
| 999 |
_c51781 _d51781 |
||